| 000 | 00452nam a2200157 i 4500 | ||
|---|---|---|---|
| 001 | bg | ||
| 245 | 0 |
_aFizičeskie i mechaničeskie strojstva stekloplastikov. Spavocnoe posobie. / _cPod. red. J. M. M. Icanova. |
|
| 260 |
_aRiga : _bIzdatel'stvo "Zinatne", _c1969. |
||
| 300 | _as. 262, 5 nlb. | ||
| 700 | 1 |
_aICANOV, J. M. M. _eRed. |
|
| 040 | _cBPK | ||
| 041 | _apol | ||
| 080 | _a678.01 | ||
| 942 | _cKS | ||
| 008 | s pl f |000 0 pol | ||
| 999 |
_c12446 _d12446 |
||